Technologie masa
Gespeichert in:
| Format: | Buch |
|---|---|
| Sprache: | Nichtbestimmte Sprache |
| Veröffentlicht: |
Praha
SNTL
1984
|
| Ausgabe: | 2. preprac. a dopl. vyd. |
| Online-Zugang: | Im OPAC anzeigen |
| Tags: |
Keine Tags, Fügen Sie das erste Tag hinzu!
|
MARC
| LEADER | 00000nam a2200000 a 4500 | ||
|---|---|---|---|
| 005 | 20260127134402.0 | ||
| 008 | 961220s1984 xx 0 und c | ||
| 035 | |a vtls001270629 | ||
| 035 | |a SNK000221706 | ||
| 039 | 9 | |a 200710221032 |b mschk02 |y 200412271140 |z VLOAD | |
| 040 | |a SNK |b slo |c SNK |d STUSCHK1 |e AACR2 | ||
| 245 | 1 | |a Technologie masa | |
| 250 | |a 2. preprac. a dopl. vyd. | ||
| 260 | |a Praha |b SNTL |c 1984 | ||
| 300 | |a 662 s. | ||
| 910 | |a SCHK95 | ||
| 999 | |c 11449 |d 11449 | ||
| 942 | 0 | 0 | |0 7 |